Physio chemical and environmental plant physiology (Record no. 40423)

MARC details
000 -LEADER
fixed length control field 00452nam a2200169Ia 4500
082 ## - DEWEY DECIMAL CLASSIFICATION NUMBER
Classification number 581.5
Item number NOB
100 ## - MAIN ENTRY--AUTHOR NAME
Personal name Nobel, Park S
245 #0 - TITLE STATEMENT
Title Physio chemical and environmental plant physiology
260 ## - PUBLICATION, DISTRIBUTION, ETC. (IMPRINT)
Place of publication London
Name of publisher Academic Press
Year of publication 1991
650 ## - SUBJECT ADDED ENTRY--TOPICAL TERM
Topical Term Bioenergetics
650 ## - SUBJECT ADDED ENTRY--TOPICAL TERM
Topical Term Fluxes
650 ## - SUBJECT ADDED ENTRY--TOPICAL TERM
Topical Term Physiological ecology
650 ## - SUBJECT ADDED ENTRY--TOPICAL TERM
Topical Term Plant Physiology
650 ## - SUBJECT ADDED ENTRY--TOPICAL TERM
Topical Term Water relations
942 ## - ADDED ENTRY ELEMENTS (KOHA)
Koha item type Books
Holdings
Withdrawn status Lost status Damaged status Not for loan Home library Current library Date acquired Cost, normal purchase price Full call number Accession Number Koha item type
        RRII Library RRII Library 16/12/2021 74.95 581.5 NOB 20722 Books